Statistics for NFL Super Bowl Winning Quarterbacks

Click here to take the quiz!

General Stats

  • This quiz has been taken 26 times
  • The average score is 51 of 58

Answer Stats

Super BowlSeasonWinnerQuarterback% Correct
XLII2007New York GiantsEli Manning
100%
LVI2021Los Angeles RamsMatthew Stafford
100%
LVIII2023Kansas City ChiefsPatrick Mahomes
100%
LIV2019Kansas City ChiefsPatrick Mahomes
100%
LVII2022Kansas City ChiefsPatrick Mahomes
100%
502015Denver BroncosPeyton Manning
100%
XLI2006Indianapolis ColtsPeyton Manning
100%
LIII2018New England PatriotsTom Brady
100%
LI2016New England PatriotsTom Brady
100%
XXXVIII2003New England PatriotsTom Brady
100%
XXXIX2004New England PatriotsTom Brady
100%
LV2020Tampa Bay BuccaneersTom Brady
100%
XLV2010Green Bay PackersAaron Rodgers
96%
XL2005Pittsburgh SteelersBen Roethlisberger
96%
XLIII2008Pittsburgh SteelersBen Roethlisberger
96%
XLIV2009New Orleans SaintsDrew Brees
96%
XLVI2011New York GiantsEli Manning
96%
XLVII2012Baltimore RavensJoe Flacco
96%
LII2017Philadelphia EaglesNick Foles
96%
XLVIII2013Seattle SeahawksRussell Wilson
96%
XXXVI2001New England PatriotsTom Brady
96%
XLIX2014New England PatriotsTom Brady
96%
II1967Green Bay PackersBart Starr
91%
I1966Green Bay PackersBart Starr
91%
XXXI1996Green Bay PackersBrett Favre
91%
XXIV1989San Francisco 49ersJoe Montana
91%
XXIII1988San Francisco 49ersJoe Montana
91%
XXIX1994San Francisco 49ersSteve Young
91%
XVI1981San Francisco 49ersJoe Montana
87%
XIX1984San Francisco 49ersJoe Montana
87%
III1968New York JetsJoe Namath
87%
XXXII1997Denver BroncosJohn Elway
87%
XXXIII1998Denver BroncosJohn Elway
87%
XXXIV1999St. Louis RamsKurt Warner
87%
X1975Pittsburgh SteelersTerry Bradshaw
87%
XIII1978Pittsburgh SteelersTerry Bradshaw
87%
IX1974Pittsburgh SteelersTerry Bradshaw
87%
XIV1979Pittsburgh SteelersTerry Bradshaw
87%
XXVIII1993Dallas CowboysTroy Aikman
87%
XXVII1992Dallas CowboysTroy Aikman
87%
XXX1995Dallas CowboysTroy Aikman
87%
XX1985Chicago BearsJim McMahon
83%
V1970Baltimore ColtsJohnny Unitas
83%
XXXVII2002Tampa Bay BuccaneersBrad Johnson
78%
XXI1986New York GiantsPhil Simms
78%
XXII1987Washington RedskinsDoug Williams
74%
XV1980Oakland RaidersJim Plunkett
74%
IV1969Kansas City ChiefsLen Dawson
74%
XII1977Dallas CowboysRoger Staubach
74%
XXXV2000Baltimore RavensTrent Dilfer
74%
VII1972Miami DolphinsBob Griese
70%
VIII1973Miami DolphinsBob Griese
70%
XVIII1983Los Angeles RaidersJim Plunkett
70%
XI1976Oakland RaidersKen Stabler
70%
VI1971Dallas CowboysRoger Staubach
70%
XXV1990New York GiantsJeff Hostetler
65%
XXVI1991Washington RedskinsMark Rypien
65%
XVII1982Washington RedskinsJoe Theismann
61%

Score Distribution

Percentile by Number Answered

Percent of People with Each Score

Your Score History

You have not taken this quiz